000
00300nam a22001337a 4500
082
_a
894.812.3
_b
KAV/P
100
_a
KAVILPADU,ABV
245
_a
PAMPARA VIDDHIKAL
250
_a
NINETH
260
_a
THRISSUR
_b
H&C PUBLISHING HOUSE
_c
2005
300
_a
47
650
_a
SHORT STORY
_z
KERALA
942
_c
BK
999
_c
1380
_d
1380